El epíteto en la lírica española
Na minha lista:
| Autor principal: | |
|---|---|
| Formato: | Livro |
| Idioma: | Undetermined |
| Publicado em: |
Madrid, España
Gredos
1956
|
| Assuntos: | |
| Tags: |
Adicionar Tag
Sem tags, seja o primeiro a adicionar uma tag!
|
MARC
| LEADER | 00000nam a2200000Ia 4500 | ||
|---|---|---|---|
| 008 | 170316s9999 xx 000 0 und d | ||
| 090 | |a 801 S-23e | ||
| 100 | |a Sobejano, Gonzalo | ||
| 245 | |a El epíteto en la lírica española | ||
| 260 | |a Madrid, España | ||
| 260 | |b Gredos | ||
| 260 | |c 1956 | ||
| 300 | |a 502 páginas | ||
| 650 | |a TEORÍA LITERARIA | ||
| 650 | |a LITERATURA ESPAÑOLA | ||
| 650 | |a LÍRICA ESPAÑOLA | ||
| 650 | |a EPITETO | ||
| 650 | |a EL ADJETIVO | ||
| 650 | |a EPITETO MEDIEVAL | ||
| 650 | |a EPITETO CLÁSICO | ||
| 650 | |a EPITETO BARROCO | ||
| 650 | |a EPITETO NEOCLÁSICO | ||
| 650 | |a EPITETO | ||
| 650 | |a EPITETO ROMÁNTICO | ||
| 650 | |a EPITETO MODERNISTA | ||
| 650 | |a EPITETO SURREALISTA | ||
| 999 | |c 20649 |d 20649 | ||
| 040 | |a cru BVZT | ||
| 942 | |c 15 D |h 801 S-23e |2 z | ||
